Vecindad, cooperación y confianza mutua: una revisión de las prácticas en las fronteras de Centroamérica /
El siguiente artículo tiene la intención de mostrar las regiones fronterizas de Centroamérica como lugares de contacto y múltiples relaciones. Históricamente, las regiones fronterizas han sufrido los efectos del realismo político, debido a su preocupación en la seguridad y la defensa. Las regiones f...
সংরক্ষণ করুন:
| প্রধান লেখক: | |
|---|---|
| বিন্যাস: | পাঠ্য |
| বিষয়গুলি: | |
| ট্যাগগুলো: |
ট্যাগ যুক্ত করুন
কোনো ট্যাগ নেই, প্রথমজন হিসাবে ট্যাগ করুন!
|
MARC
| LEADER | 00000 a a2200000 04500 | ||
|---|---|---|---|
| 001 | 14216 | ||
| 003 | |||
| 040 | |||
| 100 | |a Matul Romero, Daniel | ||
| 245 | |a Vecindad, cooperación y confianza mutua: |b una revisión de las prácticas en las fronteras de Centroamérica / |c Daniel Matul Romero | ||
| 520 | |a El siguiente artículo tiene la intención de mostrar las regiones fronterizas de Centroamérica como lugares de contacto y múltiples relaciones. Históricamente, las regiones fronterizas han sufrido los efectos del realismo político, debido a su preocupación en la seguridad y la defensa. Las regiones fronterizas de Centroamérica no han sido una excepción. Sin embargo, desde hace pocos años, las políticas de fronteras han encontrado una nueva forma de administrar y gestionar las múltiples relaciones que ocurren en estos sitios. Esto significa que muchos cambios han ocurrido alrededor de temas como la paz y la seguridad. Las regiones fronterizas pueden contribuir a fortalecer la integración y la confianza mutua | ||
| 650 | |a FRONTERAS | ||
| 650 | |a INTEGRACION REGIONAL | ||
| 650 | |a AMERICA CENTRAL | ||
| 773 | |g volumen 4, número 1; páginas 77-114 | ||
| 999 | |c 30911 |d 30911 | ||
